[Event "13e Festival CG Meurthe et Moselle"]
[Site "Nancy"]
[Date "2015.02.21"]
[Round "10.7"]
[White "Guliyev, Namig"]
[Black "Mullon, Jean-Baptiste"]
[Result "1-0"]
[WhiteElo "2520"]
[BlackElo "2400"]
[PlyCount "61"]
[EventDate "2015.02.21"]
[EventType "swiss (blitz)"]
[EventRounds "11"]
[EventCountry "FRA"]

1. e4 c5 2. Nf3 e6 3. d4 cxd4 4. Nxd4 Nc6 5. Nc3 d6 6. Be3 Nf6 7. f4 Be7 8. Qf3
a6 9. O-O-O Qc7 10. g4 h6 11. Rg1 Nxd4 12. Bxd4 e5 13. Be3 Be6 14. f5 Bd7 15.
h4 Bc6 16. g5 hxg5 17. hxg5 Nd7 18. Bc4 O-O-O 19. Bxf7 Kb8 20. Kb1 Nc5 21. Bd5
Be8 22. Rh1 Rxh1 23. Rxh1 b5 24. f6 gxf6 25. gxf6 Bf8 26. Rh8 Bd7 27. a3 Rc8
28. Bh6 Bxh6 29. Rxh6 Ne6 30. f7 Nd4 31. f8=Q 1-0

[Event "13e Festival CG Meurthe et Moselle"]
[Site "Nancy"]
[Date "2015.02.21"]
[Round "10.8"]
[White "Sebag, Marie"]
[Black "Timmermans, Mark"]
[Result "1/2-1/2"]
[WhiteElo "2520"]
[BlackElo "2070"]
[PlyCount "80"]
[EventDate "2015.02.21"]
[EventType "swiss (blitz)"]
[EventRounds "11"]
[EventCountry "FRA"]

1. e4 e5 2. Nf3 Nc6 3. Bb5 f5 4. d3 fxe4 5. dxe4 Nf6 6. Qd3 d6 7. Nc3 Be7 8.
O-O O-O 9. Bg5 Be6 10. Bc4 Bxc4 11. Qxc4+ Kh8 12. Bxf6 Bxf6 13. Nd5 Qd7 14. b4
a6 15. a4 Ne7 16. Rfd1 Nxd5 17. Qxd5 Qc8 18. c4 a5 19. b5 b6 20. Nd2 Bg5 21.
Nf1 Bf4 22. g3 Bh6 23. Rd3 Qe8 24. Ne3 Bxe3 25. Rxe3 Qf7 26. Qxf7 Rxf7 27. Rd1
g5 28. Kg2 Kg7 29. Rdd3 Raf8 30. Re2 g4 31. Red2 h5 32. Re3 Rf3 33. Rde2 R8f6
34. Kg1 Kf7 35. Kf1 Kg6 36. Ke1 Kg5 37. Rxf3 Rxf3 38. Re3 Rxe3+ 39. fxe3 Kf6
40. Ke2 Ke6 1/2-1/2

[Event "13e Festival CG Meurthe et Moselle"]
[Site "Nancy"]
[Date "2015.02.21"]
[Round "10.9"]
[White "Arun Prasad, S.."]
[Black "Berend, Elvira"]
[Result "1-0"]
[WhiteElo "2486"]
[BlackElo "2330"]
[PlyCount "59"]
[EventDate "2015.02.21"]
[EventType "swiss (blitz)"]
[EventRounds "11"]
[EventCountry "FRA"]

1. g3 Nf6 2. Bg2 g6 3. c4 Bg7 4. Nc3 O-O 5. d4 d6 6. e4 c6 7. Nge2 e5 8. O-O
Re8 9. h3 Na6 10. Be3 exd4 11. Nxd4 Nc5 12. Qc2 a5 13. Rfe1 a4 14. f4 Nfxe4 15.
Nxe4 Nxe4 16. Bxe4 f5 17. Nxc6 bxc6 18. Bxc6 Rxe3 19. Rxe3 Qb6 20. Bd5+ Kf8 21.
Rae1 Bd4 22. Bxa8 Bxe3+ 23. Kg2 Bd4 24. Bd5 Qxb2 25. Qxb2 Bxb2 26. Bc6 Ba6 27.
Re8+ Kf7 28. Rb8 a3 29. Bd5+ Ke7 30. Ra8 1-0

[Event "13e Festival CG Meurthe et Moselle"]
[Site "Nancy"]
[Date "2015.02.21"]
[Round "11.1"]
[White "Shchekachev, Andrei"]
[Black "Tkachiev, Vladislav"]
[Result "1/2-1/2"]
[WhiteElo "2600"]
[BlackElo "2600"]
[PlyCount "23"]
[EventDate "2015.02.21"]
[EventType "swiss (blitz)"]
[EventRounds "11"]
[EventCountry "FRA"]

1. Nf3 d5 2. d4 Nf6 3. c4 e6 4. Nc3 Be7 5. Bf4 O-O 6. Qc2 c6 7. e3 Nbd7 8. h3
b6 9. cxd5 exd5 10. Bd3 Bb7 11. O-O Rc8 12. Qd1 1/2-1/2

[Event "13e Festival CG Meurthe et Moselle"]
[Site "Nancy"]
[Date "2015.02.21"]
[Round "11.2"]
[White "Fedorchuk, Sergey A."]
[Black "Dobrov, Vladimir"]
[Result "0-1"]
[WhiteElo "2730"]
[BlackElo "2603"]
[PlyCount "55"]
[EventDate "2015.02.21"]
[EventType "swiss (blitz)"]
[EventRounds "11"]
[EventCountry "FRA"]

1. e4 c5 2. Nf3 d6 3. d4 cxd4 4. Nxd4 Nf6 5. Nc3 a6 6. h3 e6 7. g4 h6 8. Be3 g5
9. Bg2 Nbd7 10. Qe2 Ne5 11. f4 gxf4 12. Bxf4 Nfd7 13. O-O-O Qc7 14. Kb1 b5 15.
h4 Bb7 16. g5 hxg5 17. Bxg5 Nb6 18. Qf2 Nbc4 19. h5 Be7 20. Bxe7 Qxe7 21. h6
O-O-O 22. h7 Qg5 23. Rh3 Qg7 24. Rdh1 Ng4 25. Qe2 Qxd4 26. Qxg4 Ne3 27. Re1
Nxg4 28. Bf1 0-1

[Event "13e Festival CG Meurthe et Moselle"]
[Site "Nancy"]
[Date "2015.02.21"]
[Round "11.5"]
[White "Gopal, G.N.."]
[Black "Haub, Thorsten"]
[Result "1/2-1/2"]
[WhiteElo "2538"]
[BlackElo "2478"]
[PlyCount "133"]
[EventDate "2015.02.21"]
[EventType "swiss (blitz)"]
[EventRounds "11"]
[EventCountry "FRA"]

1. e4 g6 2. d4 Bg7 3. Nc3 d6 4. Be3 a6 5. Qd2 Nd7 6. h4 h6 7. O-O-O b5 8. f4 h5
9. Nf3 Ndf6 10. Ng5 Nh6 11. Bd3 d5 12. Kb1 c6 13. Rhf1 Bg4 14. Rde1 dxe4 15.
Ncxe4 O-O 16. Bf2 Nf5 17. c3 b4 18. cxb4 Nxd4 19. Nc5 a5 20. Bxg6 fxg6 21. Qxd4
Qxd4 22. Bxd4 axb4 23. Rxe7 Bf5+ 24. Ka1 b3 25. a3 Rfd8 26. Nge6 Bxe6 27. Nxe6
Rd7 28. Rxd7 Nxd7 29. Nxg7 c5 30. Bc3 Nb6 31. Ne6 c4 32. Kb1 Nd5 33. Rd1 Nxc3+
34. bxc3 Rxa3 35. Rd4 Ra2 36. Rxc4 Rxg2 37. Rd4 Rg4 38. c4 Rxh4 39. c5 Kf7 40.
c6 Rh2 41. c7 Rc2 42. Rd6 Ke7 43. Ra6 h4 44. Nd4 Rxc7 45. Rxg6 Rc4 46. Ne2 Re4
47. Nc3 Kf7 48. Rg4 Re3 49. Kb2 h3 50. Kxb3 Kf6 51. Kc4 Kf5 52. Rh4 Rf3 53. Nd5
Ra3 54. Rh5+ Kg4 55. Rh8 Ra1 56. Kd4 Rd1+ 57. Ke4 Re1+ 58. Ne3+ Kg3 59. Rg8+
Kf2 60. Kd4 Rxe3 61. f5 Rg3 62. Rh8 Kg2 63. f6 h2 64. Ke5 Rh3 65. Rxh3 Kxh3 66.
f7 h1=Q 67. f8=Q 1/2-1/2

[Event "13e Festival CG Meurthe et Moselle"]
[Site "Nancy"]
[Date "2015.02.21"]
[Round "11.6"]
[White "Savina, Anastasia"]
[Black "Sebag, Marie"]
[Result "0-1"]
[WhiteElo "2354"]
[BlackElo "2520"]
[PlyCount "64"]
[EventDate "2015.02.21"]
[EventType "swiss (blitz)"]
[EventRounds "11"]
[EventCountry "FRA"]

1. d4 d5 2. c4 c6 3. Nc3 Nf6 4. e3 e6 5. Nf3 Nbd7 6. Qc2 Bd6 7. Bd3 O-O 8. O-O
b6 9. e4 dxc4 10. Bxc4 b5 11. Bb3 e5 12. h3 Bb7 13. Bg5 h6 14. Bh4 Qe7 15. Rad1
Rfe8 16. Rfe1 a6 17. Ne2 c5 18. dxe5 Nxe5 19. Nxe5 Qxe5 20. f4 Qxe4 21. Qxe4
Nxe4 22. Bc2 Bf8 23. Ng3 Nxg3 24. Bxg3 c4 25. Bf2 Bc6 26. Bf5 g6 27. Bg4 Bg7
28. b3 c3 29. Rd6 Rxe1+ 30. Bxe1 Be4 31. Bf3 Bxf3 32. gxf3 Rc8 0-1

[Event "13e Festival CG Meurthe et Moselle"]
[Site "Nancy"]
[Date "2015.02.21"]
[Round "11.7"]
[White "Calistri, Tristan"]
[Black "Arun Prasad, S.."]
[Result "1/2-1/2"]
[WhiteElo "2280"]
[BlackElo "2486"]
[PlyCount "76"]
[EventDate "2015.02.21"]
[EventType "swiss (blitz)"]
[EventRounds "11"]
[EventCountry "FRA"]

1. e4 c6 2. d4 d5 3. Nc3 dxe4 4. Nxe4 Nd7 5. Ng5 Ngf6 6. Bd3 e6 7. N1f3 Bd6 8.
Qe2 h6 9. Ne4 Nxe4 10. Qxe4 Nf6 11. Qe2 Qc7 12. O-O b6 13. b3 Bb7 14. c4 O-O-O
15. Bb2 c5 16. dxc5 bxc5 17. Ne5 h5 18. h3 h4 19. Rfe1 Nh5 20. Be4 Bxe5 21.
Bxe5 Qe7 22. Rad1 f6 23. Bc3 Nf4 24. Qf3 g5 25. Qe3 Rxd1 26. Rxd1 Rd8 27. Bxb7+
Kxb7 28. Rxd8 Qxd8 29. Qxc5 Ne2+ 30. Kh2 Nxc3 31. Qb4+ Kc6 32. Qxc3 Qd6+ 33.
Kg1 Qd1+ 34. Kh2 Qd6+ 35. Kg1 Qd1+ 36. Kh2 Qd6+ 37. Kg1 Qd1+ 38. Kh2 Qd8
1/2-1/2

[Event "13e Festival CG Meurthe et Moselle"]
[Site "Nancy"]
[Date "2015.02.21"]
[Round "11.8"]
[White "Timmermans, Mark"]
[Black "Karagyozian, Edgar"]
[Result "1-0"]
[WhiteElo "2070"]
[BlackElo "2480"]
[PlyCount "119"]
[EventDate "2015.02.21"]
[EventType "swiss (blitz)"]
[EventRounds "11"]
[EventCountry "FRA"]

1. b4 e6 2. Bb2 d5 3. e3 Nf6 4. b5 a6 5. a4 Be7 6. Nf3 O-O 7. c4 c6 8. Be2 Nbd7
9. O-O Re8 10. d4 dxc4 11. Bxc4 Qc7 12. Nbd2 Nf8 13. Bd3 Bd7 14. Ne5 axb5 15.
axb5 cxb5 16. Nxd7 N8xd7 17. Bxb5 Qb6 18. Qb3 Qd6 19. Be2 Qb6 20. Rxa8 Rxa8 21.
Qc2 Nd5 22. Nc4 Qc7 23. Qb3 Rb8 24. Rc1 Qd8 25. Bf3 N7f6 26. Ne5 h6 27. h3 Bd6
28. Ba3 Bxa3 29. Qxa3 Qf8 30. Qb3 b5 31. Bxd5 exd5 32. Rc5 Qe8 33. Nc6 Rb6 34.
Nb4 Ne4 35. Rxd5 Qc8 36. Qd3 Qc1+ 37. Kh2 Qc7+ 38. f4 Nf6 39. Rxb5 Re6 40. Nd5
Nxd5 41. Rxd5 Qc6 42. Rd8+ Re8 43. Rxe8+ Qxe8 44. e4 Qb8 45. Kg3 Qb2 46. d5 Kf8
47. d6 Ke8 48. e5 Qc1 49. Qf5 g6 50. d7+ Ke7 51. Qf6+ Kxd7 52. Qxf7+ Kd8 53.
Qf8+ Kd7 54. Qxh6 Qe3+ 55. Kh2 Qf2 56. Qg7+ Kd8 57. Qf6+ Kd7 58. e6+ Kd6 59.
e7+ Kd7 60. Qf7 1-0

[Event "13e Festival CG Meurthe et Moselle"]
[Site "Nancy"]
[Date "2015.02.21"]
[Round "11.9"]
[White "Devallee, Jeremie"]
[Black "Mensch, Etienne"]
[Result "1-0"]
[WhiteElo "2430"]
[BlackElo "2230"]
[PlyCount "66"]
[EventDate "2015.02.21"]
[EventType "swiss (blitz)"]
[EventRounds "11"]
[EventCountry "FRA"]

1. e4 d6 2. d4 Nf6 3. Nc3 Nbd7 4. g4 h6 5. h3 e5 6. Nge2 c6 7. Bg2 b5 8. a3 a5
9. O-O Rb8 10. Ng3 g6 11. Nce2 h5 12. g5 h4 13. gxf6 hxg3 14. fxg3 exd4 15.
Nxd4 Ne5 16. g4 c5 17. Ne2 Be6 18. Nc3 b4 19. axb4 cxb4 20. Nd5 Bxd5 21. Qxd5
Qb6+ 22. Rf2 Bh6 23. g5 Bf8 24. Qxa5 Qxa5 25. Rxa5 Rc8 26. Bf1 d5 27. Bf4 Bc5
28. Rxc5 Rxc5 29. Bxe5 dxe4 30. Bf4 O-O 31. h4 Rfc8 32. Ba6 R8c6 33. Bb7 Re6
1-0

[Event "13e Festival CG Meurthe et Moselle"]
[Site "Nancy"]
[Date "2015.02.21"]
[Round "11.4"]
[White "Feller, Sebastien"]
[Black "Guliyev, Namig"]
[Result "0-1"]
[WhiteElo "2660"]
[BlackElo "2520"]
[PlyCount "82"]
[EventDate "2015.02.21"]
[EventType "swiss (blitz)"]
[EventRounds "11"]
[EventCountry "FRA"]

1. Nf3 d5 2. g3 Nf6 3. Bg2 c6 4. c4 dxc4 5. O-O Be6 6. Qc2 Qd7 7. Ng5 Na6 8.
Nxe6 Qxe6 9. Na3 Qxe2 10. Nxc4 e6 11. Na5 Nb4 12. Qa4 Qa6 13. d4 b5 14. Qb3
Qxa5 15. Bd2 Qa4 16. Bxb4 Bxb4 17. Bxc6+ Ke7 18. Qxa4 bxa4 19. Bxa8 Rxa8 20.
Rfc1 Nd5 21. Rc4 a5 22. a3 Bd6 23. Rac1 Nb6 24. Rc6 Rb8 25. R1c2 Kd7 26. Kg2 g5
27. Kf3 h5 28. h3 Nd5 29. Ra6 Bc7 30. Ra7 Rb3+ 31. Kg2 Rxg3+ 32. fxg3 Ne3+ 33.
Kf3 Nxc2 34. Ke4 f5+ 35. Kd3 Na1 36. Kc4 Nb3 37. g4 fxg4 38. hxg4 hxg4 39. Ra8
g3 40. Rg8 Bf4 41. Rg7+ Kd6 0-1